UBT Library

The Christian philosophy of St. Thomas Aquinas. (Record no. 40283)

000 -LEADER
fixed length control field 00670cam a2200217 4500
001 - CONTROL NUMBER
control field 4056263
005 - DATE AND TIME OF LATEST TRANSACTION
control field 20180115074205.0
008 - FIXED-LENGTH DATA ELEMENTS--GENERAL INFORMATION
fixed length control field 700729s1956 nyu b 001 0 eng
010 ## - LIBRARY OF CONGRESS CONTROL NUMBER
LC control number 56008813
040 ## - CATALOGING SOURCE
Original cataloging agency DLC
Transcribing agency DLC
Modifying agency DLC
041 1# - LANGUAGE CODE
Language code of text/sound track or separate title engfre
080 ## - UNIVERSAL DECIMAL CLASSIFICATION NUMBER
Universal Decimal Classification number 189.4 GIL
082 00 - DEWEY DECIMAL CLASSIFICATION NUMBER
Classification number 189.4 GIL
100 1# - Rafti
Rafti 24
101 ## - Shkurtesa
Shkurtesa FIL
240 10 - UNIFORM TITLE
Uniform title <a href="Thomisme.">Thomisme.</a>
Language of a work English
245 14 - TITLE STATEMENT
Title The Christian philosophy of St. Thomas Aquinas.
Statement of responsibility, etc by I.T. Eschmann. Translated by L.K. Shook.
504 ## - BIBLIOGRAPHY, ETC. NOTE
Bibliography, etc Bibliographical references included in "Notes" (p. 440-493)
906 ## - LOCAL DATA ELEMENT F, LDF (RLIN)
a 7
b cbc
c orignew
d u
e ncip
f 19
g y-gencatlg
942 ## - ADDED ENTRY ELEMENTS (KOHA)
Source of classification or shelving scheme
Item type Books
Holdings
Withdrawn status Lost status Source of classification or shelving scheme Damaged status Not for loan Collection code Permanent location Current location Shelving location Date acquired Total Checkouts Full call number Barcode Date last seen Price effective from Koha item type
          Koleksioni i përgjithshem UBT - Lipjan UBT - Lipjan Koleksioni i përgjithshem 01/15/2018   189.4 GIL 002-2995505 01/15/2018 01/15/2018 Books
UBT Library © 2015-2024. All rights reserved University Education for Business and Technology